Reward-Video; Intermediate

Manylion Llyfryddiaeth
Prif Awdur: Greenall S. Simon
Crynodeb:Видеокурс
Iaith:Saesneg
Cyhoeddwyd: Oxford, Heinemann, 1998
Pynciau:
Fformat: Sleid
KOHA link:https://koha.lib.tpu.ru/cgi-bin/koha/opac-detail.pl?biblionumber=10447

MARC

LEADER 00000ngm0a2200000 4500
001 10447
005 20231030183023.0
010 |a 0435242296 
035 |a (RuTPU)RU\TPU\book\10508 
035 |a BOOK00010573 
090 |a 10447 
100 |a 20011209d1998 m y0engy50 ba 
101 0 |a eng 
102 |a GB 
105 |a y j 000zy 
115 |a c180bahmccaz cbucc 
200 1 |a Reward-Video  |a Intermediate  |b Video-cassette  |f S. Greenall 
210 |a Oxford  |c Heinemann  |d 1998 
215 |a 1 video-сassette (180 min) 
300 |a Видеокурс 
610 1 |a английский язык 
610 1 |a видеокассеты 
610 1 |a учебные пособия 
686 |a Ш143.21-923  |v LBC/SL-A  |2 rubbk 
700 1 |a Greenall  |b S.  |g Simon 
801 0 |a RU  |b 63413507  |c 20011209  |g PSBO 
801 2 |a RU  |b 63413507  |c 20221129  |g PSBO 
942 |c BK